000
00259nam a2200109Ia 4500
008
220120s9999||||xx |||||||||||||| ||und||
100
_a
Basavaraju, S.P
245
0
_a
Engineering physics
260
_a
Subhas stores
_c
2006
300
_b
0
650
_a
MANAGEMENT
999
_c
136810
_d
136810